U.S. States by Highway Sign #1 - Statistics

General Stats
  • This quiz has been taken 91 times
  • The average score is 12 of 16
Answer Stats
Picture Answer % Correct
Texas
100%
Florida
96%
Oklahoma
95%
Louisiana
93%
Washington
86%
Colorado
83%
Ohio
83%
Alabama
80%
Arkansas
80%
Missouri
77%
New Mexico
70%
Michigan
63%
Utah
63%
South Dakota
62%
Georgia
60%
New Hampshire
49%
No matching quizzes found
Score Distribution
Percent of People with Each Score
Percentile by Number Answered
Your Score History
You have not taken this quiz